20 Biggest Cities in Delaware - Statistics

General Stats
  • This quiz has been taken 52 times
  • The average score is 8 of 20
Answer Stats
Hint Answer % Correct
40,085 Dover
100%
71,954 Wilmington
97%
30,025 Newark
71%
13,384 Smyrna
62%
25,567 Middletown
53%
8,102 Georgetown
47%
5,552 New Castle
47%
13,948 Milford
41%
8,983 Seaford
38%
4,402 Laurel
26%
3,699 Lewes
26%
4,341 Camden
24%
6,134 Elsmere
24%
3,786 Milton
24%
3,887 Harrington
18%
7,868 Millsboro
15%
3,028 Ocean View
15%
2,914 Bridgeville
12%
4,535 Clayton
12%
3,279 Selbyville
9%
No matching quizzes found
Score Distribution
Percent of People with Each Score
Percentile by Number Answered
Your Score History
You have not taken this quiz